Normal view
MARC view
- Vexler, Robert I
Entry Personal Name
001 - CONTROL NUMBER
- control field: 108306
003 - CONTROL NUMBER IDENTIFIER
- control field: NUST
005 - DATE AND TIME OF LATEST TRANSACTION
- control field: 20230131161744.0
008 - FIXED-LENGTH DATA ELEMENTS
- fixed length control field: 230131|| aca||aabn | a|a d
040 ## - CATALOGING SOURCE
- Original cataloging agency: NUST
- Transcribing agency: NUST
100 ## - HEADING--PERSONAL NAME
- Personal name: Vexler, Robert I
670 ## - SOURCE DATA FOUND
- Source citation: Work cat.: (NUST)187277: Vexler, Robert I., England: a chronology and fact book, 1485-1973./, 1974.
